000 00592nam a2200205Ia 4500
003 GCL
008 140319s9999 xx 000 0 ara d
020 _a3226172977
040 _aGCL /
_cGCL
082 0 4 _a818
_bم م
100 1 _aمحسن محمد
245 1 0 _aاقوال غير ماثوره /
_cمحسن محمد
260 _aالقاهرة :
_bمكتبة غريب ،
_c1989
300 _a137 ص ؛
_c24 سم
490 _a
650 0 4 _aالادب العربى
650 0 4 _aالحكم والامثال
650 0 4 _aالادب العربى - مجموعات
942 _2ddc
_cBK
999 _c44400
_d44400